Polska marynarka wojenna - Statystyki

Ogólne statystyki
  • Ten quiz został rozwiązany 61 razy
  • Średni wynik to 6 z 19
Statystyki odpowiedzi
Hint Odpowiedź % Poprawnych
Okręt muzeum w Gdyni ORP Błyskawica
79%
Największe zwycięstwo polskie floty I Rzeczpospolitej Bitwa pod Oliwą
48%
Odnalazł Bismarcka ORP Piorun
48%
Nazwa operacji wycofania części polskiej floty do Wielkiej Brytanii w 1939 Peking
45%
Okręt zatopiony niedaleko Narwiku ORP Grom
41%
Pierwszy polski galeon Smok
41%
Największy polski okręt bojowy we wrześniu 1939 ORP Gryf
38%
Dowódca polskiej floty w 1939 Józef Unrug
38%
Jeden ze strasznych bliźniaków ORP Dzik ORP Sokół
38%
Polskie fregaty rakietowe ORP Gen. K. Pułaski ORP Gen. T. Kościuszko
34%
Polski krążownik w czasie II wojny światowej ORP Dragon ORP Conrad
34%
Polski okręt zatopiony przez okręty alianckie ORP Jastrząb
28%
Typ okrętów zwanych w 1939 "ptaszkami" trałowiec
28%
Typ okrętu, który stał się "specjalnością" polskiej floty w okresie PRL okręt desantowy
17%
Typ okrętów w czasie II wojny światowej najczęściej nazywany od ptaków drapieżnych okręt podwodny
17%
Szwedzki galeon zdobyty w 1627 Tigern
17%
Najbardziej znana ofiara ORP Orzeł transportowiec "Rio de Janeiro"
14%
Dowódca polskiej floty w bitwie oliwskiej Arend Dickmann
10%
Najbardziej znana bateria obrona wybrzeża w 1939 bateria cyplowa
10%
Nie znaleziono quizów pasujących do podanych kryteriów
Rozkład punktacji
Procent ludzi z każdym wynikiem
Percentyl według liczby udzielonych odpowiedzi
Twoja historia wyników
Nie rozwiązałeś tego quizu